Cartas marruecas / (Record n. 10988)

Dettagli MARC
000 -LEADER
fixed length control field 00714nam a2200217 i 4500
003 - CONTROL NUMBER IDENTIFIER
control field IT-RoINE
005 - DATE AND TIME OF LATEST TRANSACTION
control field 20160216093814.0
008 - FIXED-LENGTH DATA ELEMENTS--GENERAL INFORMATION
fixed length control field 900725s1956 sp r |dspa d
040 ## - CATALOGING SOURCE
Original cataloging agency SpMaBN
Language of cataloging spa
Transcribing agency A2 IT-RoINE
100 1# - MAIN ENTRY--PERSONAL NAME
Personal name Cadalso, José,
Dates associated with a name 1741-1782
9 (RLIN) 22625
245 10 - TITLE STATEMENT
Title Cartas marruecas /
Statement of responsibility, etc Cadalso ; prólogo, edición y notas de Juan Tamayo y Rubio.
260 ## - PUBLICATION, DISTRIBUTION, ETC. (IMPRINT)
Place of publication, distribution, etc Madrid :
Name of publisher, distributor, etc Espasa-Calpe,
Date of publication, distribution, etc 1956.
300 ## - PHYSICAL DESCRIPTION
Extent XLVI, 232 p. ;
Dimensions 19 cm.
336 ## - CONTENT TYPE
Source rdacontent
Content type term text
337 ## - MEDIA TYPE
Source rdamedia
Media type term unmediated
338 ## - CARRIER TYPE
Source rdacarrier
Carrier type term volume
490 1# - SERIES STATEMENT
Series statement Clásicos castellanos ;
Volume number/sequential designation 112
700 1# - ADDED ENTRY--PERSONAL NAME
Personal name Tamayo y Rubio, Juan
9 (RLIN) 22626
830 #0 - SERIES ADDED ENTRY--UNIFORM TITLE
9 (RLIN) 22520
Uniform title Clásicos castellanos (Espasa-Calpe) ;
Volume number/sequential designation 112
942 ## - ADDED ENTRY ELEMENTS (KOHA)
Item type Monografías
Dati di copia
Withdrawn status Lost status Damaged status Not for loan Home library Current library Date acquired Total Checkouts Full call number Barcode Date last seen Price effective from Koha item type
        Iglesia Nacional Española en Roma Iglesia Nacional Española en Roma 16/02/2016   COL.A 31.112 19633 16/02/2016 16/02/2016 Monografías